| 000 | 00755nab a2200229u 4500 | ||
|---|---|---|---|
| 001 | 21312 | ||
| 003 | HDC | ||
| 007 | c| |||a|c|aaaa | ||
| 008 | 210306b20111211my ||||o |||| 00| 0 eng d | ||
| 040 | _aHDC | ||
| 100 |
_aKATHERINA MARIE / _eauthor _918909 |
||
| 245 | 0 |
_aMalaysia: Commercial Halal collagen / _cKATHERINA MARIE |
|
| 336 |
_atext _2rdacontent |
||
| 337 |
_acomputer _2rdamedia |
||
| 338 |
_aonline resource _2rdacarrier |
||
| 650 |
_aBionic Lifesciences _918911 |
||
| 650 |
_ahalal alternative _918910 |
||
| 856 | _zRequest full-text at [email protected] | ||
| 942 | _2lcc | ||
| 942 | _cNEWS | ||
| 942 | _kNWS0 004944 | ||
| 999 |
_c18628 _d18628 |
||